Roméo et Juliette - Vérone (paroles) - Statistiques

Statistiques générales
  • Ce quiz a été pris 384 fois
  • Le résultat moyen est 197 sur 245
Statistiques - réponses
PAROLES % Correct
à
97%
a
97%
de
96%
la
94%
La
94%
l'a
94%
le
94%
Vous
94%
vous
94%
tout
93%
Vérone
93%
et
92%
par
92%
qui
92%
on
91%
belle
90%
ce
90%
ici
89%
Ici
89%
mais
89%
ou
89%
89%
Bien
88%
bien
88%
loi
88%
se
88%
c'est
87%
C'est
87%
êtes
87%
monde
87%
reste
86%
ville
86%
déteste
85%
partir
85%
pas
85%
Pas
85%
font
84%
les
84%
pour
84%
sûr
84%
sur
84%
voudrait
84%
ça
83%
en
83%
fait
83%
sont
83%
est
82%
familles
82%
comme
81%
l'amour
81%
ne
81%
nos
81%
roi
81%
y
81%
deux
80%
que
80%
belles
79%
parle
79%
bienvenue
78%
dans
78%
longtemps
78%
toi
78%
un
78%
femmes
77%
sa
77%
soir
77%
besoin
76%
nous
76%
ton
76%
avez
75%
avoir
75%
croyez
75%
vu
75%
choisir
74%
ni
74%
des
73%
enfer
73%
haine
73%
hasard
73%
terre
73%
camp
72%
hommes
72%
puis
72%
rien
72%
veines
72%
vies
72%
ailleurs
71%
erreur
71%
paradis
71%
venin
71%
coule
70%
plus
70%
chez
69%
meilleurs
69%
venez
69%
bon
68%
d'être
68%
endormez
68%
jardins
68%
pires
68%
certain
67%
fleuris
67%
chansons
66%
étant
66%
jamais
66%
lu
66%
personne
66%
qu'il
66%
voyagé
66%
n'étonne
65%
faire
64%
l'homme
64%
âmes
63%
elles
63%
parce
62%
sait
62%
aimés
61%
Si
57%
Eh
54%
n'est
54%
bonne
53%
trouvez
53%
celle-ci
52%
meurt
51%
chacun
50%
vieux
50%
couronne
49%
dieux
44%
bénis
42%
sommes
41%
vrai
38%
Aucun quiz correspondant
Distribution des résultats
% des personnes avec chaque résultat
Percentile par nombre de réponses
Votre historique - résultats
Vous n’avez pas pris ce quiz